书目信息 |
| 题名: |
益智游戏
|
|
| 作者: | 斯凯瑞 著 ;谭萌 , 静博 译 | |
| 分册: | ||
| 出版信息: | 贵阳 贵州人民出版社 2010.09 |
|
| 页数: | 106页 | |
| 开本: | 29cm | |
| 丛书名: | ||
| 单 册: | ||
| 中图分类: | I712.85 , G619.712 | |
| 科图分类: | ||
| 主题词: | 图画故事--Tu Hua Gu Shi--美国--现代 , 图画故事--Tu Hua Gu Shi , 教育--各级 | |
| 电子资源: | ||
| ISBN: | 978-7-221-09051-5 | |
| 000 | 01049nam0 2200301 450 | |
| 001 | 0103152651 | |
| 005 | 20201104095829.53 | |
| 010 | @a978-7-221-09051-5@dCNY29.70 | |
| 100 | @a20110321e20182010cemy0chiy50 ea | |
| 101 | 1 | @achi@ceng |
| 102 | @aCN@b520000 | |
| 105 | @aa z 000fy | |
| 106 | @ar | |
| 200 | 1 | @a益智游戏@AYi Zhi You Xi@e手工书@f(美)理查德·斯凯瑞(Richard Scarry)著@g谭萌,静博译 |
| 210 | @a贵阳@c贵州人民出版社@d2010.09@h2018.08 | |
| 215 | @a106页@d29cm | |
| 300 | @a理查德·斯凯瑞“金色童书”系列蒲公英童书馆 | |
| 330 | @a本书适合3~6岁儿童的故事+手工的图画书。一边讲故事,一边做手工,连线、涂颜色、剪纸、折纸,让孩子在游戏中开发智力。 | |
| 606 | 0 | @a图画故事@ATu Hua Gu Shi@y美国@z现代 |
| 606 | 0 | @a图画故事@ATu Hua Gu Shi |
| 606 | 0 | @a教育@x各级 |
| 690 | @aI712.85@v5 | |
| 690 | @aG619.712@v4 | |
| 701 | 0 | @c(美)@a斯凯瑞@ASi Kai Rui@c(Scarry, Richard@f1919~1994)@4著 |
| 702 | 0 | @a谭萌@ATan Meng@4译 |
| 702 | 0 | @a静博@AJing Bo@4译 |
| 801 | 0 | @aCN@bBJSZM@c20201103 |
| 905 | @b1256526-30@dG619.712@e1104@f5 | |
| 益智游戏:手工书/(美)理查德·斯凯瑞(Richard Scarry)著/谭萌,静博译.-贵阳:贵州人民出版社,2010.09(2018.08) |
| 106页;29cm |
| 理查德·斯凯瑞“金色童书”系列蒲公英童书馆 |
| ISBN 978-7-221-09051-5:CNY29.70 |
| 本书适合3~6岁儿童的故事+手工的图画书。一边讲故事,一边做手工,连线、涂颜色、剪纸、折纸,让孩子在游戏中开发智力。 |
| ● |
| 相关链接 |
|
|
|
|
正题名:益智游戏
索取号:G619.712/1104
 
预约/预借
| 序号 | 登录号 | 条形码 | 馆藏地/架位号 | 状态 | 备注 |
| 1 | 1256526 | 212565268 | 第一样本阅览室/ [索取号:G619.712/1104] | 在馆 | |
| 2 | 1256527 | 212565277 | 教育系资料室/ [索取号:G619.712/1104] | 在馆 | |
| 3 | 1256528 | 212565286 | 教育系资料室/ [索取号:G619.712/1104] | 在馆 | |
| 4 | 1256529 | 212565295 | 第四借阅区/ [索取号:G619.712/1104] | 在馆 | |
| 5 | 1256530 | 212565302 | 第四借阅区/ [索取号:G619.712/1104] | 在馆 |